Riešenie hroziaceho úpadku

Uložené v:
Podrobná bibliografia
Hlavný autor: Ondrušová, Lucia, 1981-
Médium: Kapitola
Jazyk:English
Predmet:
Tagy: Pridať tag
Žiadne tagy, Buďte prvý, kto otaguje tento záznam!

MARC

LEADER 00000naa$a2200000$$$4500
001 0289419
005 20240502074433.0
041 0 |a eng 
044 |a SK 
245 1 0 |a Riešenie hroziaceho úpadku  |c Lucia Ondrušová 
500 |a Abstrakt 
610 2 0 |a podnik 
610 2 0 |a úpadok podniku 
610 2 0 |a bankrot 
610 2 0 |a legislatíva 
610 2 0 |a zdravie podniku finančné 
610 2 0 |a kríza 
100 1 |a Ondrušová, Lucia, 1981-